Starting countries of Hearts of Iron 4 - Statistics

General Stats
  • This quiz has been taken 751 times
    92 since last reset
  • The average score is 80 of 99
Answers on the Map
Answers color-coded by a green-red scale on the quiz's map according to % correct below.
 
Answer Stats
Answer % Correct
Dominion of Canada
97%
France
97%
United Kingdom
97%
United States
97%
China
96%
Portugal
96%
Soviet Union
96%
Argentina
94%
Belgian Congo
94%
Denmark
94%
Finland
94%
German Reich
94%
Iran
94%
Mexico
94%
Mongolian People's Republic
94%
Norway
94%
Second Brazilian Republic
94%
Colombia
93%
Cuba
93%
Italy
93%
Netherlands
93%
Spain
93%
Turkey
93%
Uruguay
93%
Australia
91%
Austria
91%
Belgium
91%
Chile
91%
Ethiopia
91%
Iraq
91%
Ireland
91%
Japanese Empire
91%
Kingdom of Greece
91%
Panama
91%
Peru
91%
Poland
91%
Sweden
91%
Switzerland
91%
Venezuela
91%
Albanian Kingdom
90%
Bolivian Republic
90%
British Raj
90%
Bulgaria
90%
Kingdom of Hungary
90%
Republic of Syria
90%
Romania
90%
Yugoslavia
90%
Estonia
88%
Latvia
88%
Lithuania
88%
South Africa
88%
Kingdom of Afghanistan
87%
Republic of Paraguay
87%
Sultanate of Muscat and Oman
87%
Czechoslovakia
85%
Ecuador
85%
Haiti
85%
Iceland
85%
Manchukuo
85%
Philippines
85%
Saudi Arabia
85%
British Burma
84%
Dominican Republic
84%
Emirate of Transjordan
84%
Liberia
84%
New Zealand
84%
Yemen
84%
Mandatory Palestine
82%
Dutch East Indies
81%
Kingdom of Siam
81%
Nepal
81%
Tibet
81%
Guatemala
79%
Honduras
79%
Tannu Tuva
79%
Costa Rica
78%
El Salvador
78%
Bhutan
76%
Lebanese Republic
76%
Nicaragua
76%
Sheikhdom of Kuwait
76%
Chinese Soviet Republic
75%
Luxembourg
75%
British Malaya
66%
Sinkiang
66%
Yunnan
63%
Sultanate of Aussa
60%
Shanxi
59%
Guangxi Clique
50%
Shandong Clique
44%
Sichuan Clique
43%
Guangdong Clique
40%
Khotan Ma
37%
Northeastern Army
31%
Mengjiang
26%
Gansu Ma
22%
Qinghai Ma
22%
Hebei-Chahar
21%
Ningxia Ma
19%
No matching quizzes found
Score Distribution
Percent of People with Each Score
Percentile by Number Answered
Your Score History
You have not taken this quiz since the last reset